00802nam a2200229 a 450000100060000000300080000600500170001400800410003103500190007204000310009104100080012208200250013010000300015524500780018526000380026330000290030150400360033060000410036694200120040799900170041995201360043663681BD-RjUL20211209081225.0170202s1960 enka b 001 0beng  a(BD-RjUL)63810 aDLCcPPTdUkdBD-RjULbeng aeng a750.92223bHAM 19601 aHanson, Lawrence.918911310aMountain of victory :ba biography of Paul Cézanne /cLawrence Hanson,  aLondon :bSecker & Warburg,c1960 a222 p. :bill, ;c23 cm. aIncludes bibliography and index10aCézanne, Paul,d1839-1906.9190059 2ddccBK c63681d63681 00102ddc40718NFICaRUCLbRUCLcReadingd1990-10-24eshaukat osmanl0o750.92 HAM 1960r2017-02-02 00:00:00tC-1w2021-12-09yBK